Levillier, historiador de América / (Record no. 48956)

MARC details
000 -LEADER
campo de control de longitud fija 00676nam a2200193 i 4500
001 - NÚMERO DE CONTROL
campo de control 48956
003 - IDENTIFICADOR DE NÚMERO DE CONTROL
campo de control ES-MaACL
005 - FECHA Y HORA DE LA ÚLTIMA TRANSACCIÓN
campo de control 20250902131137.0
007 - CAMPO FIJO DE DESCRIPCIÓN FÍSICA--INFORMACIÓN GENERAL
campo de control de longitud fija t|
008 - DATOS DE LONGITUD FIJA--INFORMACIÓN GENERAL
campo de control de longitud fija 030703s1952 ag ||||1| spa d
100 1# - ENTRADA PRINCIPAL--NOMBRE DE PERSONA
Nombre de persona Cornejo, Atilio.
9 (RLIN) 40607
245 10 - MENCIÓN DEL TÍTULO
Título Levillier, historiador de América /
Mención de responsabilidad, etc. Atilio Cornejo.
260 ## - PUBLICACIÓN, DISTRIBUCIÓN, ETC.
Lugar de publicación, distribución, etc. Salta :
Nombre del editor, distribuidor, etc. [s.n.],
Fecha de publicación, distribución, etc. 1952 (
Fabricante Imp. Rómulo D'Uva)
300 ## - DESCRIPCIÓN FÍSICA
Extensión 125 p., 1 lám. ;
Dimensiones 23 cm.
500 ## - NOTA GENERAL
Nota general Es separata de: Boletín del Instituto de S. Felipe y Santiago de Estudios Históricos de Salta. T. VI, nº 25, año 1951.
600 14 - PUNTO DE ACCESO ADICIONAL DE MATERIA--NOMBRE DE PERSONA
Nombre de persona Levillier, Roberto,
Fechas asociadas al nombre 1886-1969
9 (RLIN) 71965
852 ## - LOCALIZACIÓN
Ubicación ES-MaACL
Número de control de estantería D-8466
Sublocalización o colección R.32958
Holdings
Estatus retirado Estado de pérdida Estado de daño No para préstamo Biblioteca de origen Biblioteca actual Ubicación en estantería Fecha de adquisición Fuente de adquisición Total de préstamos Signatura topográfica completa Código de barras Visto por última vez Precio de reemplazo Tipo de ítem Koha
        Biblioteca del Ateneo de Madrid Biblioteca del Ateneo de Madrid Sala Valle Inclán 17/01/2008     D-8466 901051521 23/02/2023 23/02/2023 Libro impreso